Statistics for Harry Potter Students

Click here to take the quiz!

General Stats

  • This quiz has been taken 209 times
  • The average score is 40 of 47

Answer Stats

HintAnswer% Correct
WeasleyFred
100%
WeasleyGeorge
100%
WeasleyGinny
100%
PotterHarry
100%
LongbottomNeville
100%
WeasleyRon
100%
MalfoyDraco
99%
GrangerHermione
99%
ThomasDean
96%
LovegoodLuna
96%
WeasleyPercy
96%
ChangCho
95%
FinniganSeamus
95%
BrownLavender
94%
WoodOliver
94%
DiggoryCedric
93%
BellKatie
92%
CreeveyColin
90%
JordanLee
90%
ParkinsonPansy
90%
PatilParvati
90%
CrabbeVincent
90%
PatilPadma
89%
ZabiniBlaise
87%
GoyleGregory
86%
AbbottHannah
86%
ClearwaterPenelope
85%
BonesSusan
85%
JohnsonAngelina
84%
CreeveyDennis
83%
McLaggenCormac
82%
MacmillanErnie
82%
BelbyMarcus
82%
FlintMarcus
82%
Finch-FletchleyJustin
80%
SpinnetAlicia
79%
VaneRomilda
79%
BulstrodeMillicent
78%
CornerMichael
77%
BootTerry
74%
SmithZacharias
73%
EdgecombeMarietta
68%
GoldsteinAnthony
63%
DaviesRoger
60%
PuceyAdrian
52%
RobinsDemelza
48%
HiggsTerence
27%

Score Distribution

Percentile by Number Answered

Percent of People with Each Score

Your Score History

You have not taken this quiz